Dates régimes totalitaires - Statistiques

Statistiques générales
  • Ce quiz a été pris 43 fois
  • Le résultat moyen est 6 sur 26
Statistiques - réponses
événements dates % Correct
réarmement Allemagne 1933
68%
lois de Nuremberg 1935
64%
tentative de putsch en Bavière 1923
61%
Allemagne sort de la SDN 1934
61%
Parti national fasciste (PNF) et NSDAP 1921
57%
Escadrons de protection, SS 1925
57%
création du Komintern 1919
50%
révolution bolchevique octobre 1917
32%
Hitler nommé chancelier 30 janvier 1933
29%
incendie du Reichstag 27 février 1933
11%
marche sur Rome 27 octobre 1922
11%
Anschluss mars 1938
7%
assassinat Matteotti 10 juin 1924
4%
lois fascistissimes (dates) 1925-1926
4%
dékoulakisation (dates) 1929-1932
4%
procès de Moscou (dates) 1936-1938
4%
création Axe Rome-Berlin 1 novembre 1936
4%
création URSS 22 décembre 1922
4%
pacte germano soviétique Molotov Ribbentrop 23 août 1939
4%
pleins pouvoirs donnés à Hitler 24 mars 1933
4%
NSDAP obtient 37,2% des voix aux législatives 31 juillet 1932
4%
nuit de cristal 9 novembre 1938
4%
NSDAP parti unique juillet 1933
4%
attaque de l’Éthiopie octobre 1935
4%
nuit des longs couteaux 29 juin 1934
0%
accords de Munich 30 septembre 1938
0%
Aucun quiz correspondant
Distribution des résultats
% des personnes avec chaque résultat
Percentile par nombre de réponses
Votre historique - résultats
Vous n’avez pas pris ce quiz